| 000 | 00860nam a2200265 i 4500 | ||
|---|---|---|---|
| 001 | 135413 | ||
| 003 | ES-MaACL | ||
| 005 | 20230906194858.0 | ||
| 007 | t| | ||
| 008 | 070717s1949 sp ||||1| spa d | ||
| 080 | _a576.8 | ||
| 080 | _a612.017 | ||
| 100 | 1 |
_aTopley, William Whiteman Carlton. _9110601 |
|
| 245 | 1 | 0 |
_aBacteriología e inmunidad / _cpor W.W.C. Topley ; revisada por G.S. Wilson y A.A. Miles. |
| 250 |
_a2ª ed. española _btraducida de la tercera ed. inglesa por José Estellés Salarich. |
||
| 260 |
_aBarcelona : _bSalvat, _c1949. |
||
| 300 |
_a2 v. : _bil. ; _c25 cm. |
||
| 650 | 1 | 4 |
_aBacteriología. _910473 |
| 650 | 1 | 4 |
_aInmunidad. _913786 |
| 700 | 1 |
_aWilson, G. S. _9220140 |
|
| 700 | 1 |
_aMiles, A. A. _981093 |
|
| 700 | 1 |
_aEstellés Salarich, José. _948102 |
|
| 852 |
_aES-MaACL _jB-772-73 _bR.27388 |
||
| 999 |
_c135413 _d135413 |
||